000 00564nam a2200241 a 4500
001 nice12345678
003 IN_TiNIC
005 20260116011427.0
008 050524s1927 laha grp 000 0 urd
020 _a
_c100
082 0 0 _a232.9
_bWAR
100 _aWaris, F D
245 _aHaqiqi Dost
260 _aLahore
_bPunjab Religious Booksociety
_c1927
300 _a86p
500 _aincludes index and biblioraphy
505 2 _aIndex
650 _aJesus Christ-Biography
700 1 _aWaris, F D
902 _bSRS
942 _cBK
999 _c1432
_d1432